000 01491nab a2200217 i 4500
001 BPP
003 BPK
005 20140225134627.0
008 140225s2008 pl f |000 0 pol
040 _cBPK
080 _a621.56/.59
100 _aBOHDAL, Tadeusz.
_d1996 - .
_bPolitechnika Koszalińska - Wydział Mechaniczny,
_cKatedra Techniki Cieplnej i Chłodnictwa
245 _aWybrane problemy stosowania pompy ciepła we współczesnych układach energetycznych /
_cT. Bohdal, H. Charun.
260 _c2008.
500 _aDane z autopsji.
520 _aWykorzystanie transformacji energii w obiegu termodynamicznym lewobieżnym za pomocą pompy ciepła (sprężarkowej lub absorpcyjnej) może stanowić ważne ogniwo w rozwoju współczesnej energetyki. Dotyczy to zwłaszcza energetyki o charakterze rozproszonym, z zastosowaniem układów kogeneracyjnych i trójgeneracyjnych. W opracowaniu przedstawiono podstawowe zasady transformacji energii za pomocą pompy ciepła, a w oparciu o elementy analizy energetycznej i egzogetycznej wskazano metody wzrostu efektywności współczesnych sprężarkowych pomp ciepła. Określono ogólne kierunki zastosowania tych urządzeń w skojarzonych układach energetycznych.
650 _aPompa ciepła.
700 _aCHARUN, Henryk.
_d1996 - .
_bPolitechnika Koszalińska - Wydział Mechaniczny,
_cKatedra Techniki Cieplnej i Chłodnictwa
773 _iW :
_tChłodnictwo i Klimatyzacja. -
_g2008, Nr 3(117), s. 60-65
942 _cART
_2UKD
999 _c997
_d997